000 00449nam a2200181Ia 4500
001 16295
005 20260306170259.0
008 260306t2015||||xx |||||||||||||| ||und||
041 _aESP
082 _a347.6
_bL94
100 _aLozano Hernández, Julio Carlos
_eAUT
245 0 _aTratado de derecho concursal en el Perú
260 _c2015
300 _a884 páginas :
_c24 cm.
650 _aGEN
654 _aCDE
942 _cLIB
_dJUS
_fJUS
_2ddc
_n
999 _c16295
_d16295